000 00586 a2200169 4500
999 _c5504
_d5504
020 _a9781898326496
050 _aTJ 1193 NAI 2007
100 _aNaidich, Yu V
_eauthor
245 _aStrength of the diamond-metal interface and brazing of diamond /
_cYu V Naidich, V.P. Umanskii and I A Lavrineiko
264 _aU.K.:
_bCambridge International Science Publishing,
_c2007
300 _a160p.:
500 _aIncludes bibliographical references
650 _achemical processing
700 _aUmanskii, V.P.
_eauthor
700 _aLavrinenko, I.A.
_eauthor
942 _2lcc
_cBK
_h1193
_iNAI
_kTJ